000 00445nam a2200193 a 4500
001 1754918089537
003 ACL
005 20250811184742.0
008 250811s2005##################000#0#eng##
020 _a9780743271821
082 0 4 _a978.020922
_bMCM
100 1 _aAddonizio, Kim,
_eauthor.
245 1 0 _aLittle Beauties :
260 _c2005.
300 _a242 pages
650 0 _aFiction.
942 _cENGLISH
040 _aACL
_beng
_cACL
999 _c580350
_d580350